Guess the Taylor Swift Song by the Lyrics #1 - Statistics

General Stats
  • This quiz has been taken 98 times
  • The average score is 456 of 565
Answer Stats
LYRICS % Correct
a
97%
I
97%
(I)
97%
you
95%
You
95%
(You)
95%
me
93%
(Me)
93%
The
92%
the
92%
and
91%
And
91%
do
89%
it
86%
don't
85%
Don't
85%
(Don't)
85%
in
85%
like
85%
to
85%
when
85%
your
85%
all
84%
be
84%
no
84%
time
84%
Of
82%
of
82%
what
82%
(What)
82%
made
81%
on
81%
is
80%
just
80%
look
80%
Look
80%
then
80%
up
78%
But
77%
but
77%
(Oh)
77%
oh
77%
Oh
77%
got
76%
mine
76%
yours
76%
for
74%
How
74%
I'm
74%
said
74%
was
73%
games
72%
harder
72%
once
72%
They
72%
(They)
72%
dead
70%
nick
70%
smarter
70%
think
70%
Why
70%
fool
69%
from
69%
get
69%
list
69%
play
69%
red
69%
twice
69%
can't
68%
I'll
68%
lie
68%
little
68%
one
68%
check
66%
day
66%
laugh
66%
names
66%
not
66%
underlined
66%
about
65%
another
65%
cause
65%
role
65%
rose
65%
world
65%
I've
64%
karma
64%
old
64%
place
64%
she's
64%
come
62%
drama
62%
dreams
62%
now
62%
Ooh
62%
out
62%
tilted
62%
you'll
62%
belonged
61%
kingdom
61%
phone
61%
right
61%
stage
61%
thing's
61%
bad
59%
gun
59%
sleep
59%
sure
59%
Taylor
59%
actress
58%
asked
58%
Honey
58%
Isn't
58%
moves
58%
nobody
58%
threw
58%
trust
58%
feast
57%
Locked
57%
starrin
57%
trusts
57%
Maybe
55%
sorry
55%
cool
54%
crime
54%
keys
53%
(Keys)
53%
perfect
53%
No matching quizzes found
Score Distribution
Percent of People with Each Score
Percentile by Number Answered
Your Score History
You have not taken this quiz